00420nam a2200121 4500008004100000022001300041245007400054260004900128650001500177942000700192952008400199999001500283240223b |||||||| |||| 00| 0 eng d a13911503 aSri Lankan journal of Management-Vol. 1 no. 3 (July - September 1996) aColombo :bPostgraduate of Management,c1996 aMANAGEMENT cCR 00102ddc4070aMAINbMAINd2024-02-23l0pRAF5105r2024-02-23w2024-02-23yCR c4813d4813